[Event "AUTO-ADV-2779"]
[Site "http://www.queenalice.com/game.php?id=1173094"]
[Date "2013.4.18"]
[Round "2"]
[White "Clovisto"]
[Black "solzhenitsyn"]
[Result "1-0"]
[WhiteElo "1905"]
[BlackElo "1870"]

1. e4 c5 2. Bc4 e6 3. d4 Nf6 4. Bg5 Be7 5. Bxf6 Bxf6 6. e5 Bg5 7. dxc5 Qa5+ 8.
c3 Qxc5 9. Na3 Qxe5+ 10. Ne2 Bh6 11. O-O O-O 12. Nd4 Nc6 13. Re1 Qc7 14. Nab5
Qf4 15. g3 Qd2 16. Qg4 Nxd4 17. Nxd4 f5 18. Nxf5 Rxf5 19. Qxf5 Qg5 20. Qxg5 Bxg5
21. f4 Bf6 22. f5 a6 23. fxe6 dxe6 24. Bxe6+ Bxe6 25. Rxe6 Kf7 26. Rd6 b5 27.
Rd7+ Kg6 28. Rad1 a5 29. Rb7 b4 30. c4 Bxb2 31. c5 Rc8 32. Rd6+ Kf5 33. Rd5+ Ke4
34. Rbd7 Rxc5 35. Rxc5 Bd4+ 36. Rxd4+ 1-0

[Event "AUTO-ADV-2779"]
[Site "http://www.queenalice.com/game.php?id=1173095"]
[Date "2013.4.18"]
[Round "2"]
[White "solzhenitsyn"]
[Black "Clovisto"]
[Result "0-1"]
[WhiteElo "1886"]
[BlackElo "1889"]

1. e4 e6 2. d4 Qh4 3. Nc3 Bb4 4. Bd3 Nf6 5. g3 Qh5 6. Qxh5 Nxh5 7. Bd2 Nc6 8.
Nf3 f5 9. exf5 O-O 10. fxe6 Rxf3 11. a3 Bxc3 12. Bxc3 dxe6 13. Be2 Rf6 14. Bxh5
Rh6 15. Bf3 Bd7 16. Bd2 Rf6 17. Bxc6 Bxc6 18. Rg1 Raf8 19. f4 Rd8 20. c3 b5 21.
O-O-O a5 22. Rgf1 Bd5 23. Rde1 Rdf8 24. Be3 Rb8 25. g4 b4 26. cxb4 axb4 27. axb4
Rxb4 28. g5 Rf8 29. Rf2 Ra8 30. Rc2 Be4 31. Rxc7 Ra1+ 32. Kd2 Rxb2+ 33. Kc3 Rc2+
34. Kb3 Rxe1 35. Rxc2 Bxc2+ 0-1

[Event "AUTO-OPEN-2827"]
[Site "http://www.queenalice.com/game.php?id=1181897"]
[Date "2013.5.16"]
[Round "3"]
[White "Matrick"]
[Black "Clovisto"]
[Result "1-0"]
[WhiteElo "2333"]
[BlackElo "1889"]

1. e4 e5 2. Nf3 d6 3. d4 exd4 4. Nxd4 c5 5. Bb5+ Bd7 6. Bxd7+ Qxd7 7. Nf5 g6 8.
Ne3 Nf6 9. Nc3 Nc6 10. O-O h5 11. Re1 O-O-O 12. Nc4 Bg7 13. Nb5 Bf8 14. Nxa7+
Kb8 15. Bg5 Be7 16. Nxc6+ Qxc6 17. Qf3 Rde8 18. Bxf6 Bxf6 19. Qxf6 Rd8 20. Rad1
Rhe8 21. Rxd6 Rxd6 22. Nxd6 Re6 23. Qd8+ Ka7 24. Rd1 Qa4 25. b3 Qxa2 26. Nb5+
1-0

[Event "AUTO-OPEN-2827"]
[Site "http://www.queenalice.com/game.php?id=1181898"]
[Date "2013.5.16"]
[Round "3"]
[White "Clovisto"]
[Black "Matrick"]
[Result "0-1"]
[WhiteElo "1891"]
[BlackElo "2336"]

1. e4 c5 2. Nf3 d6 3. d4 cxd4 4. Nxd4 Nf6 5. Nc3 a6 6. h3 e6 7. Bg5 Be7 8. a4
Nxe4 9. Bxe7 Nxc3 10. bxc3 Qxe7 11. g4 e5 12. Nf5 Bxf5 13. gxf5 Qc7 14. Ra3 Nd7
15. Bg2 Nf6 16. Rb3 O-O 17. O-O Rab8 18. Qb1 d5 19. c4 Qxc4 20. Qb2 e4 21. Rb1
Qxa4 22. Ra1 Qc6 23. Rb1 b5 24. Qd4 Qxc2 25. Qa7 Ra8 26. Qb6 Rfd8 27. Bf1 d4 28.
R3b2 Qc8 29. Ra1 d3 30. Rd2 Qxf5 31. Bg2 Nd5 32. Qb7 Rab8 33. Qxa6 Qg5 34. Rda2
Nf4 35. f3 d2 36. Rxd2 Rxd2 0-1

[Event "AUTO-OPEN-3001"]
[Site "http://www.queenalice.com/game.php?id=1185432"]
[Date "2013.5.28"]
[Round "1"]
[White "Famelo"]
[Black "Clovisto"]
[Result "1-0"]
[WhiteElo "2060"]
[BlackElo "1902"]

1. f4 e6 2. Nf3 b6 3. e3 Bb7 4. Be2 h6 5. O-O g5 6. Ne5 d6 7. Nxf7 Kxf7 8. fxg5+
Kg7 9. Bf3 c6 10. Bh5 hxg5 11. Rf7+ Kh6 12. Rxb7 Nd7 13. Bf7 Ngf6 14. Bxe6 Qc8
15. Rxd7 Nxd7 16. Qg4 Qe8 17. Bxd7 Qh5 18. Qxh5+ Kxh5 19. Bxc6 Rc8 20. Be4 d5
21. Bf5 Rc7 22. Nc3 Rf7 23. g4+ Kh6 24. Nxd5 Kg7 25. b3 Rh4 26. Bb2+ Kg8 27. Be6
Bd6 28. Rf1 Bxh2+ 29. Kg2 Rxg4+ 30. Kxh2 1-0

[Event "AUTO-OPEN-3001"]
[Site "http://www.queenalice.com/game.php?id=1185433"]
[Date "2013.5.28"]
[Round "1"]
[White "Clovisto"]
[Black "Famelo"]
[Result "0-1"]
[WhiteElo "1845"]
[BlackElo "2051"]

1. e4 d6 2. d4 Nf6 3. Nc3 g6 4. h3 Bg7 5. Nf3 O-O 6. g4 Nc6 7. d5 Nb4 8. a3 Na6
9. g5 Nd7 10. h4 Nac5 11. Be3 Bxc3+ 12. bxc3 Nxe4 13. Bd2 Ndc5 14. h5 Bg4 15.
Be2 Bxh5 16. Nd4 Bxe2 17. Qxe2 e5 18. dxe6 fxe6 19. Nf3 Qd7 20. Rh4 d5 21. Ne5
Qg7 22. f4 Nxd2 23. Qxd2 Ne4 24. Qh2 Rf5 25. O-O-O Nxg5 26. fxg5 Qxe5 27. Rxh7
Qxh2 28. Rxh2 Rxg5 29. Rdh1 Kg7 30. Rh7+ Kf6 31. Rxc7 b5 32. Rb7 a6 33. Rhh7 Rg3
34. Rbf7+ Ke5 35. Kb2 a5 36. Rb7 Rc8 37. Rhc7 Rxc7 38. Rxc7 Kd6 39. Rb7 b4 40.
axb4 axb4 41. cxb4 e5 42. b5 e4 43. Ra7 e3 44. b6 Kc6 45. b7 Kc7 46. c3 e2 0-1

[Event "AUTO-OPEN-3001"]
[Site "http://www.queenalice.com/game.php?id=1185458"]
[Date "2013.5.28"]
[Round "1"]
[White "Clovisto"]
[Black "fontaine"]
[Result "0-1"]
[WhiteElo "1891"]
[BlackElo "2381"]

1. e4 e5 2. Bc4 Nf6 3. d4 exd4 4. Qxd4 Nc6 5. Qd3 Ne5 6. Qb3 Nxe4 7. Qe3 d5 8.
Bd3 Bc5 9. Qf4 Nxd3+ 10. cxd3 Nxf2 11. Qg3 O-O 12. Bh6 Bd4 13. Bxg7 Nxh1 0-1

[Event "AUTO-OPEN-3001"]
[Site "http://www.queenalice.com/game.php?id=1185459"]
[Date "2013.5.28"]
[Round "1"]
[White "fontaine"]
[Black "Clovisto"]
[Result "1-0"]
[WhiteElo "2456"]
[BlackElo "1911"]

1. e4 Nc6 2. d4 e5 3. dxe5 Nxe5 4. f4 Nc6 5. Nf3 Nf6 6. e5 Ng4 7. h3 Nh6 8. g4
Be7 9. Be3 Bh4+ 10. Nxh4 Qxh4+ 11. Bf2 Qe7 12. Nc3 Qb4 13. Qc1 Nd4 14. a3 Qc5
15. Bg2 d6 16. exd6 Qxd6 17. Qe3+ Qe6 18. O-O-O Qxe3+ 19. Bxe3 c5 20. Bxd4 cxd4
21. Rhe1+ Be6 22. Bxb7 Rb8 23. Bc6+ Kf8 24. Nb5 a6 25. Nxd4 g6 26. Nxe6+ fxe6
27. Rxe6 Kg7 28. Rd7+ Nf7 29. Ree7 1-0

[Event "AUTO-OPEN-3001"]
[Site "http://www.queenalice.com/game.php?id=1185460"]
[Date "2013.5.28"]
[Round "1"]
[White "Clovisto"]
[Black "cdepalma1"]
[Result "0-1"]
[WhiteElo "1859"]
[BlackElo "1997"]

1. e4 e5 2. d4 exd4 3. Qxd4 Nc6 4. Qd3 Nf6 5. Bg5 Ne5 6. Qb5 Bd6 7. Nf3 a6 8.
Qb3 Nxf3+ 9. gxf3 h6 10. Bxf6 Qxf6 11. Bc4 b5 12. Be2 Bb7 13. Nc3 c6 14. O-O-O
Be5 15. a4 d6 16. Rd3 O-O 17. Nd1 Rfc8 18. Ne3 Bf4 19. Kb1 Bxe3 20. fxe3 Rab8
21. a5 c5 22. Qa2 c4 23. Rd2 Rd8 24. Bd1 d5 25. c3 dxe4 26. Rxd8+ Rxd8 27. f4
Rd2 28. Qa3 Qg6 29. h4 Qg2 30. Re1 Qf2 31. Rh1 Qxe3 32. Qe7 Qd3+ 33. Kc1 e3 34.
Re1 Be4 0-1

[Event "AUTO-ADV-2863"]
[Site "http://www.queenalice.com/game.php?id=1185652"]
[Date "2013.5.29"]
[Round "1"]
[White "Clovisto"]
[Black "APSHOOTER"]
[Result "1-0"]
[WhiteElo "1922"]
[BlackElo "1705"]

1. e4 d5 2. e5 Bf5 3. Nf3 h6 4. d4 e6 5. a3 a6 6. c4 Ne7 7. c5 Nbc6 8. b4 Ng6 9.
Nc3 Be7 10. b5 axb5 11. Bxb5 Ra5 12. Bd2 Qa8 13. a4 O-O 14. Ne2 Be4 15. Bxa5
Qxa5+ 16. Qd2 Bxf3 17. gxf3 Bh4 18. Bxc6 Qxd2+ 19. Kxd2 bxc6 20. Ng3 Bg5+ 21.
Ke2 Nf4+ 22. Kf1 Rb8 23. a5 Bh4 24. a6 Ra8 25. Ke1 Bxg3 26. hxg3 Nd3+ 27. Ke2
Nb4 28. a7 Nc2 29. Ra4 Kh7 30. Kd3 Nxd4 31. Kxd4 g5 32. Rb1 1-0

[Event "AUTO-ADV-2863"]
[Site "http://www.queenalice.com/game.php?id=1185653"]
[Date "2013.5.29"]
[Round "1"]
[White "APSHOOTER"]
[Black "Clovisto"]
[Result "0-1"]
[WhiteElo "1698"]
[BlackElo "1903"]

1. e4 e5 2. Nf3 d6 3. h3 g5 4. Bb5+ c6 5. Be2 h6 6. d4 Qf6 7. dxe5 dxe5 8. Be3
Na6 9. Bxa6 bxa6 10. a3 Be6 11. Nc3 Ne7 12. Qd6 Bg7 13. O-O-O O-O 14. g4 Qxf3
15. Qxe7 Rfe8 16. Qb7 Reb8 17. Qxc6 Rd8 18. Qxa6 Rdc8 19. Qe2 Qxe2 20. Nxe2 Bc4
21. Rhe1 Rc7 22. Ng3 Bb3 23. Rd2 Rac8 24. c3 Bf8 25. Nf5 Kh7 26. Rd6 Bxd6 27.
Nxd6 Rd8 28. Nb5 Rcd7 29. Nd4 exd4 30. Bxd4 Rc8 31. e5 Rxd4 0-1

[Event "AUTO-ADV-2863"]
[Site "http://www.queenalice.com/game.php?id=1185654"]
[Date "2013.5.29"]
[Round "1"]
[White "Clovisto"]
[Black "Degoba"]
[Result "0-1"]
[WhiteElo "1867"]
[BlackElo "1959"]

1. e4 e5 2. Bc4 Bc5 3. Nf3 Nc6 4. d3 h6 5. Bd5 d6 6. Bxc6+ bxc6 7. c3 Nf6 8. h3
O-O 9. b4 Bb6 10. g4 Nh7 11. Na3 a5 12. bxa5 Bxa5 13. Bd2 Bd7 14. Nc4 Bb6 15.
Nxb6 cxb6 16. Qc1 Be6 17. g5 h5 18. h4 Rxa2 19. Rxa2 Bxa2 20. c4 Qa8 21. O-O Qa4
22. Qc3 Ra8 23. Ra1 Nf8 24. Ne1 Ne6 25. Nc2 c5 26. Ne3 Nd4 27. Kf1 b5 28. Nd5
Qb3 29. Qc1 Qxd3+ 30. Ke1 Nf3+ 0-1

[Event "AUTO-ADV-2863"]
[Site "http://www.queenalice.com/game.php?id=1185655"]
[Date "2013.5.29"]
[Round "1"]
[White "Degoba"]
[Black "Clovisto"]
[Result "1-0"]
[WhiteElo "2011"]
[BlackElo "1855"]

1. e4 e5 2. Nf3 d6 3. Bc4 Bg4 4. d3 h6 5. Be3 Nf6 6. Nbd2 c6 7. h3 Bxf3 8. Qxf3
d5 9. exd5 Nxd5 10. Ne4 Nd7 11. Nc3 N7f6 12. Nxd5 Nxd5 13. O-O Qe7 14. Bxd5 cxd5
15. Qxd5 Rd8 16. Qb5+ Rd7 17. Bxa7 g5 18. Rfe1 Bg7 19. d4 O-O 20. Bc5 Qe6 21.
Bxf8 Bxf8 22. Rxe5 Qd6 23. c3 Qc7 24. Rae1 Re7 25. Rxe7 Bxe7 26. Qe8+ Bf8 27.
Qa8 Qf4 28. Qxb7 Bd6 29. g3 Qd2 30. Re8+ Kg7 31. Qc8 Qd1+ 32. Kg2 1-0

[Event "AUTO-ADV-2863"]
[Site "http://www.queenalice.com/game.php?id=1185656"]
[Date "2013.5.29"]
[Round "1"]
[White "Clovisto"]
[Black "vindaloo"]
[Result "0-1"]
[WhiteElo "1909"]
[BlackElo "1858"]

1. e4 c5 2. Bc4 e6 3. a3 Nc6 4. c3 Nf6 5. d3 Be7 6. Nf3 O-O 7. b4 cxb4 8. axb4
a6 9. b5 Nb8 10. Qa4 a5 11. Bf4 b6 12. h3 d5 13. exd5 Nxd5 14. O-O Nxf4 15. Nd4
Bc5 16. Nd2 Bxd4 17. cxd4 Ne2+ 18. Kh1 Nxd4 19. Nb3 Nc2 20. Rac1 Nb4 21. d4 Bd7
22. Rfd1 N8a6 23. d5 exd5 24. Bxd5 Nxd5 25. Rxd5 Nb4 26. Rd6 Bxb5 27. Rxd8 Bxa4
28. Rxf8+ Kxf8 29. Nd4 Rd8 30. Nf5 Nd3 31. Rc4 Be8 32. Rg4 Nxf2+ 0-1

[Event "AUTO-ADV-2863"]
[Site "http://www.queenalice.com/game.php?id=1185657"]
[Date "2013.5.29"]
[Round "1"]
[White "vindaloo"]
[Black "Clovisto"]
[Result "0-1"]
[WhiteElo "1893"]
[BlackElo "1907"]

1. e4 e5 2. Nf3 d6 3. c4 Bg4 4. Nc3 Nc6 5. h3 Bxf3 6. Qxf3 Nd4 7. Qd1 Nf6 8. d3
g6 9. Be3 c5 10. Nd5 Nxd5 11. cxd5 Qa5+ 12. Qd2 Nc2+ 13. Ke2 Qxd2+ 14. Kxd2 Nxa1
15. Be2 f5 16. g3 fxe4 17. dxe4 a6 18. Rxa1 h5 19. Rf1 b5 20. f4 exf4 21. gxf4
Bg7 22. Kc2 O-O-O 23. a4 c4 24. Bd2 Kb7 25. axb5 axb5 26. Bb4 Rhe8 27. b3 Rxe4
28. bxc4 Rxe2+ 0-1

[Event "AUTO-ADV-2805"]
[Site "http://www.queenalice.com/game.php?id=1191397"]
[Date "2013.6.15"]
[Round "2"]
[White "PallBrandt"]
[Black "Clovisto"]
[Result "1-0"]
[WhiteElo "1864"]
[BlackElo "1920"]

1. d4 e6 2. c4 h6 3. e4 b6 4. Nc3 Bb7 5. Nf3 Nf6 6. Bd3 Bb4 7. O-O Bxc3 8. bxc3
Bxe4 9. Bxe4 Nxe4 10. Qd3 f5 11. d5 exd5 12. cxd5 g5 13. Re1 O-O 14. d6 Nxd6 15.
Qd5+ Nf7 16. Qxa8 g4 17. Nd4 c5 18. Nxf5 Qc7 19. Qd5 Nc6 20. Nxh6+ Kg7 21. Nxf7
Rxf7 22. Qg5+ 1-0

[Event "AUTO-ADV-2805"]
[Site "http://www.queenalice.com/game.php?id=1191398"]
[Date "2013.6.15"]
[Round "2"]
[White "Clovisto"]
[Black "PallBrandt"]
[Result "0-1"]
[WhiteElo "1875"]
[BlackElo "1882"]

1. e4 c5 2. Bc4 d6 3. Nc3 Nf6 4. h3 g6 5. d3 Bg7 6. Bg5 Nc6 7. Nf3 O-O 8. Nd5
Nxd5 9. exd5 Na5 10. O-O Nxc4 11. dxc4 Bxb2 12. Rb1 Bg7 13. Re1 Bf6 14. h4 Bg4
15. Qd2 Bxf3 16. Bxf6 exf6 17. gxf3 b6 18. Qh6 f5 19. h5 Qh4 20. Kg2 Qxh5 21.
Qxh5 gxh5 22. Rh1 Rfe8 23. Rxh5 Kg7 24. Rbh1 Rh8 25. Rxf5 f6 26. Rh4 Rae8 27.
Re4 Kg6 28. Ref4 Rhf8 29. Kg3 Re2 30. Kg4 Rxc2 31. Rg5+ Kf7 32. Rh5 Rg8+ 33. Kh4
Rc1 34. Rxh7+ Kg6 35. Rxa7 Rh8+ 0-1

[Event "AUTO-ADV-2805"]
[Site "http://www.queenalice.com/game.php?id=1191399"]
[Date "2013.6.15"]
[Round "2"]
[White "clovis"]
[Black "Clovisto"]
[Result "1-0"]
[WhiteElo "1861"]
[BlackElo "1892"]

1. e4 e6 2. d4 c6 3. Nf3 h6 4. Bd3 Na6 5. O-O g5 6. Nc3 g4 7. Ne5 h5 8. Bxa6
bxa6 9. f3 Bg7 10. fxg4 Bxe5 11. dxe5 Qh4 12. Qf3 Rh7 13. g5 Ne7 14. h3 Bb7 15.
Kh2 Ng6 16. g3 Nxe5 17. gxh4 Nxf3+ 18. Rxf3 O-O-O 19. Be3 d5 20. Bxa7 dxe4 21.
Nxe4 c5 22. Rf4 e5 23. Nf6 Rd2+ 24. Kg1 exf4 25. Nxh7 Rxc2 26. Nf6 f3 27. Nxh5
Rg2+ 28. Kf1 f2 29. Bxc5 Rg1+ 30. Kxf2 Rxa1 31. Nf6 Rxa2 32. Bd4 Ra4 33. Ke3 Bg2
34. h5 Bxh3 35. g6 fxg6 36. h6 Ra5 37. h7 1-0

[Event "AUTO-ADV-2805"]
[Site "http://www.queenalice.com/game.php?id=1191400"]
[Date "2013.6.15"]
[Round "2"]
[White "Clovisto"]
[Black "clovis"]
[Result "1-0"]
[WhiteElo "1849"]
[BlackElo "1891"]

1. e4 e5 2. Nf3 Nc6 3. a3 Nf6 4. Nc3 Bc5 5. h3 d6 6. d3 O-O 7. Bg5 Be6 8. b4 Bd4
9. Nxd4 Nxd4 10. Ne2 h6 11. Nxd4 exd4 12. Bxf6 Qxf6 13. g4 d5 14. Bg2 dxe4 15.
Bxe4 Rac8 16. h4 b6 17. g5 hxg5 18. hxg5 Qxg5 19. Bh7+ Kh8 20. Qh5 Qxh5 21. Rxh5
g6 22. Bxg6+ Kg7 23. Be4 Rh8 24. Rxh8 Rxh8 25. O-O-O Rh2 26. f4 Rf2 27. f5 Bxf5
28. Bxf5 Rxf5 29. Rg1+ Kf6 30. Rg4 c5 31. b5 Rf1+ 32. Kb2 Ke6 33. Rg8 f5 34. Rg7
f4 35. Rxa7 f3 36. Ra6 f2 37. Rxb6+ Ke5 38. Rb8 Re1 39. Rf8 f1=Q 40. Rxf1 Rxf1
41. a4 Kd6 42. a5 c4 43. dxc4 Kc5 44. b6 Kxc4 45. b7 Rf8 46. a6 Rb8 47. Kc1 Kc5
48. a7 1-0

[Event "AUTO-ADV-2714"]
[Site "http://www.queenalice.com/game.php?id=1202440"]
[Date "2013.7.25"]
[Round "2"]
[White "robsoncxi"]
[Black "Clovisto"]
[Result "1-0"]
[WhiteElo "2000"]
[BlackElo "1827"]

1. d4 e6 2. e4 h6 3. c4 Qh4 4. Nc3 Bb4 5. Bd3 Qf6 6. Be3 e5 7. Nf3 Nc6 8. a3
Bxc3+ 9. bxc3 d6 10. h3 g5 11. Qd2 g4 12. hxg4 Bxg4 13. Be2 Bxf3 14. Bxf3 O-O-O
15. Rb1 Nge7 16. Qb2 b6 17. a4 exd4 18. cxd4 Na5 19. Qb5 c6 20. Qa6+ Kb8 21.
Qxa5 Nc8 22. Qb4 Kc7 23. a5 c5 24. Qb5 cxd4 25. axb6+ Nxb6 26. e5 dxe5 27. c5
dxe3 28. cxb6+ axb6 29. Rc1+ 1-0

[Event "AUTO-ADV-2714"]
[Site "http://www.queenalice.com/game.php?id=1202441"]
[Date "2013.7.25"]
[Round "2"]
[White "Clovisto"]
[Black "robsoncxi"]
[Result "0-1"]
[WhiteElo "1837"]
[BlackElo "1990"]

1. e4 e5 2. Nf3 Nc6 3. a3 Bc5 4. d3 d6 5. Nc3 Bg4 6. Nd5 Nge7 7. h3 Bh5 8. g4
Bg6 9. Bg5 h6 10. Bh4 Qd7 11. b4 Bb6 12. b5 Ba5+ 13. c3 Nxd5 14. exd5 Bxc3+ 15.
Ke2 Nd4+ 16. Nxd4 Bxd4 17. Rb1 h5 18. g5 Qf5 19. f3 Qf4 20. Bf2 Bxf2 21. Kxf2 h4
22. Rb4 Qg3+ 23. Ke2 Bh5 24. Kd2 Bxf3 25. Be2 Qxg5+ 26. Kc2 Qg2 27. Re1 Bxe2 0-1

[Event "AUTO-ADV-2714"]
[Site "http://www.queenalice.com/game.php?id=1202444"]
[Date "2013.7.25"]
[Round "2"]
[White "Clovisto"]
[Black "Rutty"]
[Result "0-1"]
[WhiteElo "1814"]
[BlackElo "2112"]

1. e4 e5 2. Bc4 Bc5 3. Nf3 Nc6 4. d3 h6 5. Nc3 Nf6 6. Nd5 Nxd5 7. exd5 Nd4 8.
Nxe5 d6 9. Nf3 Bg4 10. h3 Bxf3 11. gxf3 Qe7+ 12. Be3 O-O-O 13. c3 Nf5 14. Qe2
Rde8 15. d4 Bb6 16. Kd2 Qf6 17. Qd3 Nxe3 18. fxe3 Qxf3 19. Rhe1 Qg2+ 20. Re2
Qxh3 21. a4 c5 22. a5 Bd8 23. dxc5 dxc5 24. Bb5 Re5 25. d6 Qf5 0-1

[Event "AUTO-ADV-2714"]
[Site "http://www.queenalice.com/game.php?id=1202445"]
[Date "2013.7.25"]
[Round "2"]
[White "Rutty"]
[Black "Clovisto"]
[Result "1-0"]
[WhiteElo "2109"]
[BlackElo "1818"]

1. e4 e5 2. Nf3 d6 3. Bc4 Bg4 4. h3 Bxf3 5. Qxf3 Nf6 6. O-O Nc6 7. c3 Qe7 8. d3
O-O-O 9. Be3 h6 10. b4 g5 11. a4 d5 12. exd5 Nb8 13. Bxa7 Nfd7 14. Na3 h5 15.
Nb5 g4 16. hxg4 hxg4 17. Qg3 Rh4 18. Be3 Na6 19. Na7+ Kb8 20. Bxa6 Bg7 21. f4
exf4 22. Bxf4 Be5 23. Qe3 Rdh8 24. Bb5 Qf6 25. g3 Rh1+ 26. Kf2 1-0